[Event "Danmarksmesterskabet 2023"]
[Site "Svendborg"]
[Date "2023.04.01"]
[Round "1"]
[White "Borge, Nikolaj"]
[Black "Schandorff, Lars"]
[Result "0-1"]
[WhiteElo "2387"]
[BlackElo "2478"]
[PlyCount "144"]
[EventDate "2023.04.01"]
[EventType "tourn"]
[EventRounds "9"]
[EventCountry "DEN"]
[SourceTitle "Live v. Kasper Jerwiarz"]

1. e4 e5 2. Nf3 Nc6 3. Bc4 Nf6 4. d3 Bc5 5. c3 d6 6. b4 Bb6 7. a4 a5 8. b5 Ne7
9. Nbd2 O-O 10. O-O Ng6 11. Bb3 c6 12. Nc4 Bc7 13. Bg5 h6 14. b6 Bb8 15. Bxf6
Qxf6 16. d4 Be6 17. d5 cxd5 18. exd5 Bg4 19. h3 Bxf3 20. Qxf3 Qxf3 21. gxf3 Nf4
22. Rfd1 Rc8 23. Kh2 Rc5 24. Ne3 Ra6 25. Bc4 Rxb6 26. Rab1 Rxb1 27. Rxb1 Rc7
28. Ba6 Ba7 29. Rxb7 Rxb7 30. Bxb7 Bxe3 31. fxe3 Nd3 32. Bc6 Nb2 33. e4 Nd3 34.
Kg3 Kf8 35. Bb5 Nf4 36. Bf1 Ke7 37. Bb5 Kd8 38. Bf1 Ke7 39. Bb5 Kd8 40. Bf1
Nh5+ 41. Kf2 g6 42. h4 Nf4 43. Bb5 f6 44. Kg3 h5 45. Bf1 g5 46. Bb5 Ng6 47.
hxg5 fxg5 48. Bf1 Nf8 49. Be2 Nd7 50. Kf2 Nc5 51. Bd1 Ke7 52. Bc2 Kf6 53. Kg3
Kg6 54. Kh3 Kh6 55. Kg3 Kh7 56. Kg2 Kg7 57. Kh2 Kh6 58. Kg3 Nd7 59. Bd1 Nf6 60.
Bc2 Kg7 61. Bd3 Kf8 62. Be2 Ke7 63. Ba6 Kd8 64. Be2 Kc7 65. Bd3 Kb6 66. Be2 Kc5
67. Kh3 Nd7 68. Bb5 Nb6 69. Kg3 Nc4 70. Be8 Nb2 71. Bb5 Nd1 72. c4 Nb2 0-1

[Event "Danmarksmesterskabet 2023"]
[Site "Svendborg"]
[Date "2023.04.01"]
[Round "1"]
[White "Chatalbashev, Boris"]
[Black "Haubro, Martin"]
[Result "1-0"]
[WhiteElo "2475"]
[BlackElo "2397"]
[PlyCount "67"]
[EventDate "2023.04.01"]
[EventType "tourn"]
[EventRounds "9"]
[EventCountry "DEN"]
[SourceTitle "Live v. Kasper Jerwiarz"]

1. c4 e5 2. Nc3 Nf6 3. Nf3 Nc6 4. g3 Bb4 5. Bg2 O-O 6. O-O e4 7. Ng5 Bxc3 8.
bxc3 Re8 9. f3 e3 10. dxe3 h6 11. Nh3 d6 12. Nf4 Ne5 13. Qb3 Rb8 14. e4 b6 15.
Nd5 Ba6 16. Ne3 Qd7 17. Qa3 Bb7 18. Rd1 a5 19. c5 bxc5 20. c4 Qe6 21. Bb2 Ra8
22. Rac1 Reb8 23. Qc3 Ne8 24. Ba1 f6 25. Nd5 Ba6 26. f4 Nxc4 27. e5 fxe5 28.
fxe5 dxe5 29. Nf4 Qf5 30. Bd5+ Kh8 31. e4 Qh7 32. Ne6 Ncd6 33. Nf8 Nxe4 34.
Qxe5 1-0

[Event "Danmarksmesterskabet 2023"]
[Site "Svendborg"]
[Date "2023.04.01"]
[Round "1"]
[White "Nielsen, Viktor Haarmark"]
[Black "Bjerre, Jonas Buhl"]
[Result "0-1"]
[WhiteElo "2335"]
[BlackElo "2606"]
[PlyCount "52"]
[EventDate "2023.04.01"]
[EventType "tourn"]
[EventRounds "9"]
[EventCountry "DEN"]
[SourceTitle "Live v. Kasper Jerwiarz"]

1. d4 Nf6 2. c4 e6 3. Nf3 d5 4. g3 Be7 5. Bg2 O-O 6. O-O c6 7. Qd3 b6 8. Nbd2
Ba6 9. b3 c5 10. e4 dxc4 11. bxc4 Nc6 12. d5 exd5 13. exd5 Na5 14. Nh4 Nd7 15.
Bb2 Bxh4 16. gxh4 Qxh4 17. f4 Rae8 18. Rac1 Nf6 19. Nf3 Qxf4 20. Ne5 Qh4 21.
Rf3 Nh5 22. d6 Bb7 23. d7 Rd8 24. Rh3 Qg5 25. Nf3 Qxg2+ 26. Kxg2 Nf4+ 0-1

[Event "Danmarksmesterskabet 2023"]
[Site "Svendborg"]
[Date "2023.04.01"]
[Round "1"]
[White "Aagaard, Jacob"]
[Black "Rasmussen, Allan Stig"]
[Result "0-1"]
[WhiteElo "2449"]
[BlackElo "2525"]
[PlyCount "96"]
[EventDate "2023.04.01"]
[EventType "tourn"]
[EventRounds "9"]
[EventCountry "DEN"]
[SourceTitle "Live v. Kasper Jerwiarz"]

1. e4 e5 2. Nf3 Nc6 3. Bc4 Bc5 4. c3 Nf6 5. d4 exd4 6. cxd4 Bb4+ 7. Nbd2 d5 8.
exd5 Nxd5 9. O-O O-O 10. a3 Be7 11. Ba2 Nb6 12. Ne4 Bg4 13. Be3 Kh8 14. Rc1 f5
15. Nc5 f4 16. Nxb7 Qc8 17. d5 fxe3 18. dxc6 Bg5 19. Rc3 Qe8 20. fxe3 Bf6 21.
Rc2 Qxe3+ 22. Kh1 Rae8 23. h3 Bf5 24. Rcf2 Bd3 25. Bb1 Bxf1 26. Rxf1 Qe2 27. b4
Nd5 28. Nc5 Qxd1 29. Rxd1 Nc3 30. Rf1 Nxb1 31. Rxb1 Re3 32. Na6 Rxa3 33. Nxc7
Rc8 34. Nd5 Rxc6 35. b5 Rd6 36. b6 axb6 37. Nxb6 Ra1 38. Rxa1 Bxa1 39. Nc4 Re6
40. Kh2 Bc3 41. g4 Kg8 42. Kg3 h6 43. h4 g6 44. Kf4 Kf7 45. Nce5+ Ke7 46. g5 h5
47. Nd3 Kd6 48. Kg3 Re3 0-1

[Event "Danmarksmesterskabet 2023"]
[Site "Svendborg"]
[Date "2023.04.01"]
[Round "1"]
[White "Olsen, Filip Boe"]
[Black "Thybo, Jesper Sondergaard"]
[Result "1-0"]
[WhiteElo "2435"]
[BlackElo "2527"]
[PlyCount "77"]
[EventDate "2023.04.01"]
[EventType "tourn"]
[EventRounds "9"]
[EventCountry "DEN"]
[SourceTitle "Live v. Kasper Jerwiarz"]

1. d4 Nf6 2. c4 e6 3. Nc3 Bb4 4. e3 O-O 5. Bd3 c5 6. Nge2 cxd4 7. exd4 d5 8.
cxd5 Qxd5 9. O-O Qh5 10. Ne4 Nxe4 11. Bxe4 Nd7 12. Qd3 Nf6 13. Bf3 Qa5 14. a3
Be7 15. Bf4 Nd5 16. Be5 Bd7 17. Be4 g6 18. Rfe1 Rad8 19. b4 Qb5 20. Qd2 Be8 21.
Rac1 f6 22. Bxd5 exd5 23. Rc7 fxe5 24. Rxe7 e4 25. Nf4 Bf7 26. h4 Rc8 27. Rc1
Qb6 28. Rc5 Qf6 29. Rxb7 Qa6 30. Re7 Qxa3 31. Nh3 Qa1+ 32. Kh2 Qa6 33. Qf4 Rce8
34. Rcc7 Rxe7 35. Rxe7 h6 36. Qxh6 Qf6 37. Ng5 Qf4+ 38. Kh3 Be6+ 39. Rxe6 1-0

[Event "Danmarksmesterskabet 2023"]
[Site "Svendborg"]
[Date "2023.04.02"]
[Round "2"]
[White "Borge, Nikolaj"]
[Black "Chatalbashev, Boris"]
[Result "0-1"]
[WhiteElo "2387"]
[BlackElo "2475"]
[PlyCount "98"]
[EventDate "2023.04.01"]
[EventType "tourn"]
[EventRounds "9"]
[EventCountry "DEN"]
[SourceTitle "Live v. Kasper Jerwiarz"]

1. e4 c5 2. Nf3 Nc6 3. d4 cxd4 4. Nxd4 g6 5. Nc3 Bg7 6. Be3 Nf6 7. Bc4 O-O 8.
Bb3 d6 9. f3 Qa5 10. g4 Nxd4 11. Bxd4 Be6 12. h4 h5 13. gxh5 Nxh5 14. Rg1 Bxd4
15. Qxd4 Bxb3 16. cxb3 Rac8 17. b4 Qe5 18. Rd1 Nf4 19. Qxe5 dxe5 20. Rd7 e6 21.
Rxb7 Nd3+ 22. Kd2 Nxb2 23. Rxa7 Rfd8+ 24. Kc2 Nc4 25. Rc1 Rd2+ 26. Kb3 Rb2+ 27.
Ka4 Rf2 28. b5 Rxf3 29. Kb3 Nd6 30. b6 Rb8 31. Kb4 Nc8 32. Nb5 Nxb6 33. Ka5 Rf2
34. a4 Ra2 35. Kb4 Re2 36. a5 Rxe4+ 37. Kc5 Nc8 38. Ra6 Rxh4 39. Rc6 Ne7 40.
Rc7 Nd5 41. Rc6 Nb4 42. a6 Nd3+ 43. Kd6 Rxb5 44. Rc8+ Kg7 45. Ra1 Rd4+ 46. Ke7
Nb4 47. a7 Rb7+ 48. Ke8 Nd5 49. Rf1 Rxa7 0-1

[Event "Danmarksmesterskabet 2023"]
[Site "Svendborg"]
[Date "2023.04.02"]
[Round "2"]
[White "Haubro, Martin"]
[Black "Nielsen, Viktor Haarmark"]
[Result "1-0"]
[WhiteElo "2397"]
[BlackElo "2335"]
[PlyCount "91"]
[EventDate "2023.04.01"]
[EventType "tourn"]
[EventRounds "9"]
[EventCountry "DEN"]
[SourceTitle "Live v. Kasper Jerwiarz"]

1. e4 c5 2. Nf3 e6 3. d4 cxd4 4. Nxd4 Nf6 5. Nc3 Nc6 6. Nxc6 bxc6 7. e5 Nd5 8.
Ne4 Qc7 9. f4 Qb6 10. c4 Ne3 11. Qd3 Bb4+ 12. Nc3 Nf5 13. Bd2 Rb8 14. b3 h5 15.
Be2 c5 16. O-O Nd4 17. Ne4 Bxd2 18. Nd6+ Kf8 19. Qxd2 f5 20. Bf3 h4 21. h3 g6
22. Rad1 Rg8 23. Kh1 a5 24. Nb5 Nxb5 25. cxb5 Qxb5 26. Rc1 Qb6 27. Qf2 Rh8 28.
Rxc5 Kf7 29. Rd1 Qa7 30. Qc2 Rd8 31. Qc3 a4 32. Ra5 Qb6 33. Rxa4 Bb7 34. Rad4
d5 35. exd6 Rd7 36. Bxb7 Rbxb7 37. Qe1 Qd8 38. Qe5 Rb6 39. b4 Qa8 40. Re1 Qxa2
41. Kh2 Rb8 42. Re2 Qb3 43. Re3 Qa2 44. Rc3 Rbd8 45. Rc7 Qa4 46. Rdc4 1-0

[Event "Danmarksmesterskabet 2023"]
[Site "Svendborg"]
[Date "2023.04.02"]
[Round "2"]
[White "Bjerre, Jonas Buhl"]
[Black "Aagaard, Jacob"]
[Result "1-0"]
[WhiteElo "2606"]
[BlackElo "2449"]
[PlyCount "73"]
[EventDate "2023.04.01"]
[EventType "tourn"]
[EventRounds "9"]
[EventCountry "DEN"]
[SourceTitle "Live v. Kasper Jerwiarz"]

1. e4 e6 2. d4 d5 3. Nd2 Be7 4. e5 c5 5. c3 cxd4 6. cxd4 Nc6 7. Bd3 Qb6 8. Ndf3
Bd7 9. Ne2 f5 10. a3 Nh6 11. b4 Nf7 12. h4 Rc8 13. Be3 a6 14. Nf4 Na7 15. Ng5
Nb5 16. Nxf7 Kxf7 17. g4 fxg4 18. Qxg4 Nxa3 19. Rg1 Ke8 20. Qxg7 Rf8 21. Qxh7
Qxb4+ 22. Kf1 Nc4 23. Bxc4 Qxc4+ 24. Kg2 Rf7 25. Qh8+ Rf8 26. Qh7 Rf7 27. Qh8+
Rf8 28. Qh5+ Kd8 29. Rgc1 Qb3 30. Qg6 Rxc1 31. Rxc1 Qb6 32. h5 Ba3 33. Rc3 Bb2
34. Nxd5 Bc6 35. Qxe6 Bxc3 36. Bg5+ Rf6 37. Bxf6# 1-0

[Event "Danmarksmesterskabet 2023"]
[Site "Svendborg"]
[Date "2023.04.02"]
[Round "2"]
[White "Rasmussen, Allan Stig"]
[Black "Olsen, Filip Boe"]
[Result "1-0"]
[WhiteElo "2525"]
[BlackElo "2435"]
[PlyCount "79"]
[EventDate "2023.04.01"]
[EventType "tourn"]
[EventRounds "9"]
[EventCountry "DEN"]
[SourceTitle "Live v. Kasper Jerwiarz"]

1. e4 c5 2. Nf3 d6 3. Bb5+ Nd7 4. a4 a6 5. Be2 Ngf6 6. Nc3 g6 7. a5 Bg7 8. O-O
O-O 9. d3 b5 10. axb6 Nxb6 11. Qd2 Ne8 12. d4 cxd4 13. Nxd4 Bb7 14. Rd1 Qc7 15.
Qe3 Nf6 16. Nb3 d5 17. Qc5 Rfc8 18. Be3 Nc4 19. Bxc4 dxc4 20. Qxc7 Rxc7 21. Nc5
Ng4 22. Ra5 Nxe3 23. fxe3 e6 24. N3a4 Rac8 25. Nxa6 Ra8 26. Nxc7 Rxa5 27. Rd8+
Bf8 28. Nb6 Kg7 29. Rd7 Kh6 30. Nxc4 Ra1+ 31. Kf2 Bxe4 32. Rxf7 Bb4 33. c3 Bd3
34. Rd7 Bxc4 35. cxb4 Ra7 36. h4 Rb7 37. g4 g5 38. hxg5+ Kg6 39. Nxe6 Rxb4 40.
Rg7# 1-0

[Event "Danmarksmesterskabet 2023"]
[Site "Svendborg"]
[Date "2023.04.02"]
[Round "2"]
[White "Schandorff, Lars"]
[Black "Thybo, Jesper Sondergaard"]
[Result "0-1"]
[WhiteElo "2478"]
[BlackElo "2527"]
[PlyCount "70"]
[EventDate "2023.04.01"]
[EventType "tourn"]
[EventRounds "9"]
[EventCountry "DEN"]
[SourceTitle "Live v. Kasper Jerwiarz"]

1. d4 Nf6 2. Bg5 e6 3. Nd2 c5 4. e3 d5 5. c3 Be7 6. Bd3 Nbd7 7. Ngf3 b6 8. O-O
Bb7 9. Ne5 O-O 10. f4 Ne4 11. Bxe7 Qxe7 12. Nxd7 Qxd7 13. Nxe4 dxe4 14. Be2
Rfd8 15. Qc2 cxd4 16. exd4 Rac8 17. Qd2 h6 18. Qe3 f5 19. a4 Bd5 20. Bb5 Bc6
21. Qe2 a5 22. Ba6 Ra8 23. b3 Rdb8 24. Bc4 b5 25. axb5 Bxb5 26. Bxb5 Rxb5 27.
b4 Qc6 28. Ra3 Rab8 29. bxa5 Rb2 30. Qe3 Qa6 31. c4 Qxc4 32. a6 Rb1 33. Re1
R8b2 34. a7 Qc2 35. a8=Q+ Kh7 0-1

[Event "Danmarksmesterskabet 2023"]
[Site "Svendborg"]
[Date "2023.04.03"]
[Round "3"]
[White "Nielsen, Viktor Haarmark"]
[Black "Borge, Nikolaj"]
[Result "1-0"]
[WhiteElo "2335"]
[BlackElo "2387"]
[PlyCount "77"]
[EventDate "2023.04.01"]
[EventType "tourn"]
[EventRounds "9"]
[EventCountry "DEN"]
[SourceTitle "Live v. Kasper Jerwiarz"]

1. d4 d5 2. c4 e6 3. Nf3 Nf6 4. g3 dxc4 5. Bg2 Bb4+ 6. Nbd2 c6 7. a3 Ba5 8. O-O
b5 9. b3 Ba6 10. bxc4 bxc4 11. Qc2 c3 12. Nb3 Bc4 13. Nxa5 Qxa5 14. Ne5 Qa6 15.
Re1 O-O 16. Bf3 Nbd7 17. Qxc3 Nxe5 18. dxe5 Nd5 19. Qd4 Qa4 20. Qg4 Bb5 21. e4
Ne7 22. Be3 Ng6 23. Qg5 Qc2 24. Bd4 c5 25. Rac1 Qd3 26. Be3 c4 27. a4 Bxa4 28.
Be2 Qa3 29. Bxc4 Rfc8 30. Ba6 Rxc1 31. Rxc1 Bd7 32. Bf1 Qb2 33. Rd1 Nxe5 34.
Qe7 Qb7 35. Bf4 Nf3+ 36. Kh1 Qxe4 37. Qxd7 g5 38. Bg2 Rb8 39. Bxb8 1-0

[Event "Danmarksmesterskabet 2023"]
[Site "Svendborg"]
[Date "2023.04.03"]
[Round "3"]
[White "Chatalbashev, Boris"]
[Black "Schandorff, Lars"]
[Result "1-0"]
[WhiteElo "2475"]
[BlackElo "2478"]
[PlyCount "89"]
[EventDate "2023.04.01"]
[EventType "tourn"]
[EventRounds "9"]
[EventCountry "DEN"]
[SourceTitle "Live v. Kasper Jerwiarz"]

1. Nf3 d5 2. g3 g6 3. c4 dxc4 4. Na3 c5 5. Nxc4 Nc6 6. Bg2 Bg7 7. d3 Nf6 8. Be3
Nd4 9. Nxd4 cxd4 10. Bd2 O-O 11. Qb3 Nd5 12. Na5 e6 13. Rc1 Qd7 14. O-O b6 15.
Nc4 Bb7 16. a4 Bc6 17. a5 b5 18. Na3 a6 19. Nc2 Rac8 20. e4 dxe3 21. fxe3 Rfd8
22. e4 Ne7 23. Nb4 Bb7 24. Bc3 Nc6 25. Nxc6 Rxc6 26. Bxg7 Kxg7 27. Rxc6 Qxc6
28. Qb4 Qd6 29. Qxd6 Rxd6 30. Rc1 Rd7 31. Kf2 h5 32. Ke3 Kf8 33. d4 Ke7 34. h4
Kd8 35. b4 Ke8 36. Rc5 Re7 37. Bh3 f6 38. Kf4 Kf7 39. d5 exd5 40. exd5 Ke8 41.
Be6 Kd8 42. Rc1 Re8 43. Ke3 Re7 44. Kd4 g5 45. Rf1 1-0

[Event "Danmarksmesterskabet 2023"]
[Site "Svendborg"]
[Date "2023.04.03"]
[Round "3"]
[White "Aagaard, Jacob"]
[Black "Haubro, Martin"]
[Result "1-0"]
[WhiteElo "2449"]
[BlackElo "2397"]
[PlyCount "49"]
[EventDate "2023.04.01"]
[EventType "tourn"]
[EventRounds "9"]
[EventCountry "DEN"]
[SourceTitle "Live v. Kasper Jerwiarz"]

1. c4 e5 2. Nc3 Nf6 3. Nf3 Nc6 4. g3 Bb4 5. Nd5 a5 6. Bg2 O-O 7. O-O Re8 8. d4
Nxd5 9. cxd5 Nxd4 10. Nxd4 exd4 11. Qxd4 Rxe2 12. Be3 Be7 13. Qg4 Rxb2 14. Bd4
Bf6 15. Bxb2 Bxb2 16. Rab1 Ba3 17. Rfe1 Bb4 18. Rxb4 axb4 19. d6 cxd6 20. Bd5
g6 21. Qf3 Qf8 22. Qf6 Ra5 23. Bxf7+ Qxf7 24. Qd8+ Kg7 25. Qxa5 1-0

[Event "Danmarksmesterskabet 2023"]
[Site "Svendborg"]
[Date "2023.04.03"]
[Round "3"]
[White "Olsen, Filip Boe"]
[Black "Bjerre, Jonas Buhl"]
[Result "0-1"]
[WhiteElo "2435"]
[BlackElo "2606"]
[PlyCount "140"]
[EventDate "2023.04.01"]
[EventType "tourn"]
[EventRounds "9"]
[EventCountry "DEN"]
[SourceTitle "Live v. Kasper Jerwiarz"]

1. d4 Nf6 2. c4 e6 3. Nc3 Bb4 4. e3 O-O 5. Nge2 d5 6. a3 Bd6 7. c5 Be7 8. b4 b6
9. Ng3 a5 10. Bd2 c6 11. Be2 Nbd7 12. O-O Ba6 13. Qc2 Qc7 14. Rfb1 Bxe2 15.
Ncxe2 Ra7 16. Nc1 h5 17. h3 h4 18. Nf1 Ne4 19. Be1 axb4 20. axb4 Rxa1 21. Rxa1
e5 22. cxb6 Qxb6 23. Nb3 Bxb4 24. Bxb4 Qxb4 25. Na5 exd4 26. Nxc6 Qc3 27. Qxc3
dxc3 28. Rc1 Ndc5 29. f3 Nd3 30. Rc2 Ng3 31. Nxg3 hxg3 32. Rxc3 Ra8 33. Kf1
Ra1+ 34. Ke2 Ne1 35. Ne7+ Kh7 36. f4 Nxg2 37. Kf3 Rg1 38. Kxg3 Nxe3+ 39. Kf3 d4
40. Rd3 Nc2 41. Kf2 Re1 42. Nf5 Re4 43. Kf3 Re6 44. Rd2 d3 45. h4 Kg6 46. Ng3
f5 47. Kf2 Rd6 48. h5+ Kf6 49. Nf1 Rd4 50. Kf3 Re4 51. Ng3 Nd4+ 52. Kg2 Ne2 53.
Nxe4+ fxe4 54. Kf2 Nxf4 55. Ra2 Nd5 56. Ra5 Ke5 57. Ra3 e3+ 58. Kf3 d2 59. Ke2
Nf4+ 60. Kd1 Ke4 61. Ra7 Nd5 62. Ra3 Kf3 63. Rd3 Kf2 64. Rxd5 e2+ 65. Kxd2
e1=Q+ 66. Kd3 Qe3+ 67. Kc4 Qe6 68. Kd4 Kf3 69. Re5 Qf6 70. Kd5 Kf4 0-1

[Event "Danmarksmesterskabet 2023"]
[Site "Svendborg"]
[Date "2023.04.03"]
[Round "3"]
[White "Thybo, Jesper Sondergaard"]
[Black "Rasmussen, Allan Stig"]
[Result "1/2-1/2"]
[WhiteElo "2527"]
[BlackElo "2525"]
[PlyCount "81"]
[EventDate "2023.04.01"]
[EventType "tourn"]
[EventRounds "9"]
[EventCountry "DEN"]
[SourceTitle "Live v. Kasper Jerwiarz"]

1. d4 f5 2. g3 Nf6 3. Bg2 g6 4. Nf3 Bg7 5. O-O O-O 6. c4 d6 7. Nc3 Qe8 8. Re1
Qf7 9. Qd3 Nc6 10. Ng5 Nb4 11. Nxf7 Nxd3 12. Nh6+ Bxh6 13. exd3 Bxc1 14. Raxc1
e6 15. d5 exd5 16. Bxd5+ Kh8 17. Re7 c6 18. Bf7 Ng4 19. d4 Nh6 20. Be6 Bxe6 21.
Rxe6 Rad8 22. b4 Kg7 23. Rce1 Rd7 24. b5 Kf7 25. d5 c5 26. h3 Ng8 27. g4 Nf6
28. f3 Ne8 29. Ne2 Ng7 30. Ng3 Kg8 31. R6e2 Rff7 32. Kg2 Kf8 33. gxf5 gxf5 34.
f4 Rde7 35. Kf2 Rxe2+ 36. Rxe2 Re7 37. Rc2 Kf7 38. Rc3 Kf6 39. Ra3 b6 40. Rb3
Kg6 41. Re3 1/2-1/2

[Event "Danmarksmesterskabet 2023"]
[Site "Svendborg"]
[Date "2023.04.04"]
[Round "4"]
[White "Borge, Nikolaj"]
[Black "Aagaard, Jacob"]
[Result "1-0"]
[WhiteElo "2387"]
[BlackElo "2449"]
[PlyCount "61"]
[EventDate "2023.04.01"]
[EventType "tourn"]
[EventRounds "9"]
[EventCountry "DEN"]
[SourceTitle "Live v. Kasper Jerwiarz"]

1. e4 e5 2. Nf3 Nc6 3. Bc4 Bc5 4. c3 Nf6 5. d3 d6 6. b4 Bb6 7. a4 a6 8. O-O h6
9. Nbd2 Be6 10. Bb2 O-O 11. Qb3 d5 12. exd5 Nxd5 13. a5 Ba7 14. b5 axb5 15.
Qxb5 Nxa5 16. Qxa5 Bxf2+ 17. Rxf2 Rxa5 18. Rxa5 c6 19. Ra1 Nf4 20. Nxe5 Bxc4
21. Ndxc4 b5 22. Rxf4 bxc4 23. Rd4 Qe7 24. Nxc4 Qe2 25. Rf1 Re8 26. Bc1 Qc2 27.
Be3 Qxc3 28. Rd7 f6 29. h3 Ra8 30. Kh2 Ra1 31. Bd4 1-0

[Event "Danmarksmesterskabet 2023"]
[Site "Svendborg"]
[Date "2023.04.04"]
[Round "4"]
[White "Chatalbashev, Boris"]
[Black "Nielsen, Viktor Haarmark"]
[Result "1-0"]
[WhiteElo "2475"]
[BlackElo "2335"]
[PlyCount "113"]
[EventDate "2023.04.01"]
[EventType "tourn"]
[EventRounds "9"]
[EventCountry "DEN"]
[SourceTitle "Live v. Kasper Jerwiarz"]

1. c4 e6 2. Nf3 d5 3. b3 Nf6 4. g3 Bd6 5. Bg2 O-O 6. Nc3 b6 7. Bb2 Bb7 8. O-O
a6 9. Qc2 Nbd7 10. Rad1 Re8 11. d4 Qe7 12. Nh4 g6 13. e4 dxe4 14. Nxe4 Nxe4 15.
Bxe4 Bxe4 16. Qxe4 Qd8 17. Nf3 Bf8 18. Qc6 Ra7 19. Rd3 Qa8 20. Ne5 Nxe5 21.
Qxa8 Raxa8 22. dxe5 Red8 23. Rfd1 Be7 24. a4 a5 25. Rxd8+ Rxd8 26. Rxd8+ Bxd8
27. c5 bxc5 28. Bc3 c6 29. Kf1 Kf8 30. Ke2 c4 31. b4 Ke8 32. bxa5 c5 33. a6 Bb6
34. Ba5 Ba7 35. Kd2 Kd7 36. Kc3 Kc6 37. Kxc4 g5 38. f4 g4 39. Bd8 Kd7 40. Bg5
h5 41. a5 Bb8 42. Bh6 Kc6 43. Bf8 Bc7 44. a7 Kb7 45. Kb5 c4 46. a6+ Ka8 47.
Kxc4 Bd8 48. Kb5 h4 49. Bc5 hxg3 50. hxg3 f6 51. f5 exf5 52. e6 f4 53. Kc6 f5
54. Kd7 Bg5 55. gxf4 Bf6 56. Bf2 g3 57. Bxg3 1-0

[Event "Danmarksmesterskabet 2023"]
[Site "Svendborg"]
[Date "2023.04.04"]
[Round "4"]
[White "Haubro, Martin"]
[Black "Olsen, Filip Boe"]
[Result "1-0"]
[WhiteElo "2397"]
[BlackElo "2435"]
[PlyCount "80"]
[EventDate "2023.04.01"]
[EventType "tourn"]
[EventRounds "9"]
[EventCountry "DEN"]
[SourceTitle "Live v. Kasper Jerwiarz"]

1. e4 c6 2. d4 d5 3. e5 Bf5 4. Nd2 e6 5. Nb3 Nd7 6. Nf3 Ne7 7. Be2 h6 8. a4 Qc7
9. O-O a5 10. c3 g5 11. Ne1 c5 12. f4 c4 13. Nd2 gxf4 14. b3 f6 15. exf6 Nxf6
16. bxc4 Ng6 17. Bd3 Bxd3 18. Nxd3 dxc4 19. Nb2 Rg8 20. Nf3 O-O-O 21. Qe2 e5
22. dxe5 Bc5+ 23. Kh1 Nd5 24. Nxc4 Nxc3 25. Qc2 Bb4 26. Nd6+ Kb8 27. Ne4 Qc4
28. Ned2 Rxd2 29. Nxd2 Qe2 30. Qb3 Ne7 31. Rg1 Rd8 32. Nf3 Ne4 33. h3 Ng3+ 34.
Kh2 Nf1+ 35. Rxf1 Qxf1 36. e6 Ka8 37. Bb2 Qf2 38. Rg1 Nf5 39. Bf6 Re8 40. Qd3
Ne3 1-0

[Event "Danmarksmesterskabet 2023"]
[Site "Svendborg"]
[Date "2023.04.04"]
[Round "4"]
[White "Bjerre, Jonas Buhl"]
[Black "Thybo, Jesper Sondergaard"]
[Result "1/2-1/2"]
[WhiteElo "2606"]
[BlackElo "2527"]
[PlyCount "79"]
[EventDate "2023.04.01"]
[EventType "tourn"]
[EventRounds "9"]
[EventCountry "DEN"]
[SourceTitle "Live v. Kasper Jerwiarz"]

1. d4 Nf6 2. c4 e6 3. Nf3 d5 4. Nc3 c5 5. e3 a6 6. cxd5 exd5 7. Be2 c4 8. O-O
Bb4 9. Nd2 Nc6 10. e4 dxe4 11. Nxc4 Be6 12. a3 Be7 13. Be3 O-O 14. Rc1 Rc8 15.
d5 Nxd5 16. Nxd5 Qxd5 17. Qxd5 Bxd5 18. Nb6 Rcd8 19. Nxd5 Rxd5 20. Bxa6 bxa6
21. Rxc6 a5 22. Rfc1 f5 23. g3 Rb5 24. Rc7 Bd6 25. Rd7 Be5 26. Rc5 Rxc5 27.
Bxc5 Rb8 28. b4 axb4 29. Bxb4 Ra8 30. Bc5 Ra5 31. Bb4 Ra4 32. Rd5 Bb2 33. Rxf5
g6 34. Rf8+ Kg7 35. Rb8 Bxa3 36. Bc3+ Kf7 37. Rb7+ Be7 38. Bd2 Ke6 39. Bh6 Bc5
40. Rb2 1/2-1/2

[Event "Danmarksmesterskabet 2023"]
[Site "Svendborg"]
[Date "2023.04.04"]
[Round "4"]
[White "Schandorff, Lars"]
[Black "Rasmussen, Allan Stig"]
[Result "1/2-1/2"]
[WhiteElo "2478"]
[BlackElo "2525"]
[PlyCount "61"]
[EventDate "2023.04.01"]
[EventType "tourn"]
[EventRounds "9"]
[EventCountry "DEN"]
[SourceTitle "Live v. Kasper Jerwiarz"]

1. Nf3 Nf6 2. g3 c5 3. Bg2 Nc6 4. c4 g6 5. b3 Bg7 6. Bb2 O-O 7. O-O d6 8. d4
cxd4 9. Nxd4 Bd7 10. Nc3 Qa5 11. e3 Rab8 12. Rc1 Rfc8 13. Qe2 a6 14. Rfd1 Kf8
15. Nxc6 Bxc6 16. Nd5 Bxd5 17. Bxf6 Bxf6 18. Rxd5 Rc5 19. h4 h5 20. Rc2 Qb4 21.
Rxc5 Qxc5 22. Qd3 b6 23. Bf3 a5 24. a4 Rc8 25. Rd2 Qe5 26. Kg2 Qc3 27. Qc2 Qxc2
28. Rxc2 Rc5 29. Kf1 e6 30. Ke2 Ke7 31. Be4 1/2-1/2

[Event "Danmarksmesterskabet 2023"]
[Site "Svendborg"]
[Date "2023.04.05"]
[Round "5"]
[White "Olsen, Filip Boe"]
[Black "Borge, Nikolaj"]
[Result "0-1"]
[WhiteElo "2435"]
[BlackElo "2387"]
[PlyCount "68"]
[EventDate "2023.04.01"]
[EventType "tourn"]
[EventRounds "9"]
[EventCountry "DEN"]
[SourceTitle "Live v. Kasper Jerwiarz"]

1. d4 d5 2. c4 dxc4 3. Nf3 Nf6 4. e3 e6 5. Bxc4 a6 6. O-O c5 7. Re1 Qc7 8. Nbd2
cxd4 9. exd4 Be7 10. Ne5 Nc6 11. Ndf3 Nxe5 12. Nxe5 b5 13. Bb3 O-O 14. Qf3 Bb7
15. Qg3 Rfe8 16. Bh6 Bf8 17. Rac1 Qd6 18. Qh4 Rac8 19. Rxc8 Rxc8 20. h3 Bd5 21.
Re3 Bxb3 22. Rxb3 Nd5 23. Rg3 Qd8 24. Qg4 Qf6 25. Qh5 Nf4 26. Bxf4 Qxf4 27. Ng4
Rc1+ 28. Kh2 Bd6 29. Qh4 Rc8 30. Qh5 g6 31. Qh4 h5 32. Nf6+ Kh8 33. Ng4 Kg7 34.
d5 exd5 0-1

[Event "Danmarksmesterskabet 2023"]
[Site "Svendborg"]
[Date "2023.04.05"]
[Round "5"]
[White "Aagaard, Jacob"]
[Black "Chatalbashev, Boris"]
[Result "1/2-1/2"]
[WhiteElo "2449"]
[BlackElo "2475"]
[PlyCount "137"]
[EventDate "2023.04.01"]
[EventType "tourn"]
[EventRounds "9"]
[EventCountry "DEN"]
[SourceTitle "Live v. Kasper Jerwiarz"]

1. e4 c5 2. Nf3 Nc6 3. d4 cxd4 4. Nxd4 g6 5. c4 Nf6 6. Nc3 d6 7. f3 Nxd4 8.
Qxd4 Bg7 9. Be3 a5 10. Na4 O-O 11. Qd2 Nd7 12. O-O-O Qe8 13. h4 h5 14. Bh6 Kh7
15. Bxg7 Kxg7 16. Qd4+ f6 17. Be2 Ra6 18. Kb1 Ne5 19. Nb6 Be6 20. c5 Qc6 21.
Bxa6 dxc5 22. Qc3 Qxb6 23. Be2 Qb4 24. Rc1 b6 25. Rhd1 Rb8 26. Rd2 Nc6 27. a3
Qa4 28. Bd1 Qb5 29. Be2 Qa4 30. Bc4 Bxc4 31. Qxc4 Qxc4 32. Rxc4 Kf7 33. Kc1 Nd4
34. Rd3 Ra8 35. a4 e5 36. Kd2 f5 37. exf5 gxf5 38. Ke3 Ke6 39. Rcc3 Rg8 40. Kf2
f4 41. Rd1 Kd5 42. Rb3 Rg6 43. Rc3 c4 44. b3 cxb3 45. Rxb3 Rc6 46. Rb5+ Ke6 47.
Rb2 Kd6 48. Rb5 Rc2+ 49. Kf1 Ra2 50. Rxb6+ Kc5 51. Rb8 Rxa4 52. Rc8+ Kd6 53.
Rh8 Ra2 54. Rxh5 a4 55. Rh8 Ke6 56. Re8+ Kf6 57. h5 Nf5 58. h6 Ne3+ 59. Kg1
Rxg2+ 60. Kh1 Rg5 61. Rd6+ Kf7 62. Ra8 Rh5+ 63. Kg1 Rg5+ 64. Kf2 Rg2+ 65. Ke1
Nc2+ 66. Kd1 Ne3+ 67. Ke1 Nc2+ 68. Kd1 Ne3+ 69. Ke1 1/2-1/2

[Event "Danmarksmesterskabet 2023"]
[Site "Svendborg"]
[Date "2023.04.05"]
[Round "5"]
[White "Nielsen, Viktor Haarmark"]
[Black "Schandorff, Lars"]
[Result "1/2-1/2"]
[WhiteElo "2335"]
[BlackElo "2478"]
[PlyCount "60"]
[EventDate "2023.04.01"]
[EventType "tourn"]
[EventRounds "9"]
[EventCountry "DEN"]
[SourceTitle "Live v. Kasper Jerwiarz"]

1. d4 Nf6 2. c4 e6 3. Nf3 Bb4+ 4. Nbd2 b6 5. g3 Bb7 6. Bg2 O-O 7. O-O d5 8.
cxd5 Bxd5 9. Qc2 Bxd2 10. Bxd2 Nc6 11. Bc3 a5 12. Rfd1 Nb4 13. Bxb4 axb4 14.
Ne1 Rxa2 15. Bxd5 Rxa1 16. Rxa1 Nxd5 17. Nd3 Qd6 18. Qc4 h6 19. e4 Ne7 20. Qxb4
c5 21. e5 Qxd4 22. Qxd4 cxd4 23. Ra4 Rd8 24. Rb4 Nc8 25. Kf1 Kf8 26. Rc4 Ne7
27. Rb4 Nc8 28. Rc4 Ke8 29. Rc7 Ne7 30. Ke2 Rd7 1/2-1/2